[Event "Elit(Lulea-Wasa)"]
[Site "?"]
[Date "2006.??.??"]
[Round "10"]
[White "Marklund, Nicklas"]
[Black "Berkell, Peder"]
[Result "1-0"]
[WhiteElo "2267"]
[BlackElo "2204"]
[PlyCount "99"]
[EventDate "2006.??.??"]

1. d4 Nf6 2. c4 c5 3. d5 a6 4. a4 e5 5. Nc3 d6 6. e4 g6 7. h3 Bg7 8. Bg5 Nbd7
9. Bd3 h6 10. Be3 Nh5 11. Nge2 O-O 12. g4 Nf4 13. Nxf4 exf4 14. Bxf4 Ne5 15.
Be2 Qe7 16. Qc2 Bd7 17. Be3 b5 18. cxb5 axb5 19. Nxb5 Nf3+ 20. Bxf3 Bxb5 21.
Ra3 Ba6 22. Be2 Bxe2 23. Kxe2 Rfb8 24. Rb1 Rb4 25. Kf3 Rab8 26. a5 Rxb2 27.
Rxb2 Rxb2 28. Qd3 Qh4 29. Qf1 f5 30. exf5 gxf5 31. a6 fxg4+ 32. hxg4 Rb4 33.
Qg2 Qf6+ 34. Kg3 Qb2 35. Ra5 Be5+ 36. Kh3 Rb5 37. Rxb5 Qxb5 38. Qe4 Kg7 39. a7
Qa6 40. f4 Bf6 41. Qe6 Qxa7 42. Qxd6 Qa1 43. Kg2 Qa2+ 44. Kf3 c4 45. Qc7+ Kg8
46. Qc8+ Kg7 47. g5 hxg5 48. fxg5 Bc3 49. Qd7+ Kg8 50. g6 1-0

[Event "Elit(Lulea-Wasa)"]
[Site "?"]
[Date "2006.??.??"]
[Round "10"]
[White "Soderberg, Per"]
[Black "Pettersson, Tobias"]
[Result "0-1"]
[WhiteElo "2225"]
[BlackElo "2147"]
[PlyCount "96"]
[EventDate "2006.??.??"]

1. e4 d6 2. d4 Nf6 3. Nc3 g6 4. Be2 Bg7 5. Be3 c6 6. f4 Qa5 7. Bf3 O-O 8. Nge2
Bg4 9. Ng3 e5 10. dxe5 Bxf3 11. Qxf3 dxe5 12. f5 Nbd7 13. a3 Nb6 14. O-O Nc4
15. Bc1 Rad8 16. Rf2 b5 17. Ra2 Qb6 18. b3 Nd2 19. Qe2 Bh6 20. Nf1 Nf3+ 21.
Qxf3 Bxc1 22. g3 Bd2 23. Nxd2 Rxd2 24. Kg2 Rfd8 25. fxg6 Rxf2+ 26. Qxf2 Qxf2+
27. Kxf2 Rd2+ 28. Ke3 Rxh2 29. gxh7+ Kxh7 30. Ne2 Nxe4 31. Kxe4 Rxe2+ 32. Kf3
Rh2 33. b4 f5 34. a4 a6 35. axb5 axb5 36. Ra7+ Kg6 37. c4 bxc4 38. Rc7 Kg5 39.
Rxc6 e4+ 40. Ke3 Rb2 41. Rxc4 Kg4 42. Kd4 Kxg3 43. Ke5 Kg4 44. Rc8 Rxb4 45.
Rg8+ Kf3 46. Kxf5 e3 47. Re8 e2 48. Kg5 Re4 0-1

[Event "Elit(Lulea-Wasa)"]
[Site "?"]
[Date "2006.??.??"]
[Round "10"]
[White "Almstrom, Martin"]
[Black "Collett, Peter"]
[Result "0-1"]
[WhiteElo "2245"]
[BlackElo "2236"]
[PlyCount "100"]
[EventDate "2006.??.??"]

1. d4 Nf6 2. Nf3 e6 3. e3 c5 4. Bd3 b6 5. O-O Bb7 6. c4 Be7 7. Nc3 cxd4 8. exd4
O-O 9. d5 exd5 10. cxd5 d6 11. Nd4 Ne8 12. Qf3 Bf6 13. Be3 Nd7 14. Qh3 g6 15.
f4 Nc5 16. Bc2 Nc7 17. Qf3 N7e6 18. Nde2 Qe7 19. Rae1 Rae8 20. Qf2 Nc7 21. Ng3
Qd8 22. f5 Nxd5 23. Nxd5 Bxd5 24. Bh6 Bc4 25. Bxf8 Rxf8 26. Ne2 Bxb2 27. Rd1
Re8 28. Rfe1 Bxa2 29. Nf4 Rxe1+ 30. Rxe1 Bc3 31. Rd1 Bc4 32. Qe3 Qf6 33. Nd5
Bxd5 34. Rxd5 Be5 35. Rd1 Kg7 36. Qf3 Qh4 37. g3 Qc4 38. Bb1 b5 39. Rf1 f6 40.
h4 Qc3 41. Qxc3 Bxc3 42. Rd1 Be5 43. fxg6 hxg6 44. g4 b4 45. Kf2 b3 46. h5 gxh5
47. Rh1 d5 48. Rxh5 Ne4+ 49. Ke3 a5 50. Rh1 a4 0-1

[Event "Elit(Rockaden-Skara)"]
[Site "?"]
[Date "2006.??.??"]
[Round "10"]
[White "Djurhuus, Rune"]
[Black "Karlsson, Lars"]
[Result "0-1"]
[WhiteElo "2598"]
[BlackElo "2626"]
[PlyCount "66"]
[EventDate "2006.??.??"]

1. e4 c5 2. Nf3 d6 3. c3 Nf6 4. Bc4 e6 5. d3 a6 6. Bb3 b5 7. Nbd2 Bb7 8. Qe2
Be7 9. O-O d5 10. e5 Nfd7 11. a4 c4 12. Bc2 Nc6 13. axb5 axb5 14. Rxa8 Qxa8 15.
d4 b4 16. h4 h6 17. h5 Nb6 18. Nh2 Qa1 19. Qg4 bxc3 20. Qxg7 Rf8 21. bxc3 Qxc3
22. Bh7 Nxd4 23. Nb1 Ne2+ 24. Kh1 Qa5 25. Bxh6 d4 26. Ng4 c3 27. Nf6+ Kd8 28.
Ng8 Qb5 29. Re1 Rxg8 30. Qxg8+ Kd7 31. Qg4 d3 32. Bxd3 Qxd3 33. Qxe2 Qh3+ 0-1

[Event "Elit(Rockaden-Skara)"]
[Site "?"]
[Date "2006.??.??"]
[Round "10"]
[White "Bator, Robert"]
[Black "Gausel, Einar"]
[Result "0-1"]
[WhiteElo "2461"]
[BlackElo "2563"]
[PlyCount "88"]
[EventDate "2006.??.??"]

1. d4 Nf6 2. Nf3 g6 3. c4 c5 4. d5 b5 5. cxb5 a6 6. bxa6 Bxa6 7. g3 d6 8. Bg2
Bg7 9. O-O O-O 10. Nc3 Nbd7 11. Qc2 Ra7 12. Rd1 Qa8 13. Rb1 Bc4 14. Nd2 Bxa2
15. Ra1 Rb8 16. e4 Bb3 17. Nxb3 Rxa1 18. Nxa1 Qxa1 19. Bf1 Qa5 20. Bd2 Qb4 21.
Rb1 Ne5 22. Be2 h5 23. Be1 g5 24. h3 h4 25. gxh4 gxh4 26. f3 Nh5 27. Nb5 Rxb5
28. Bxb4 Rxb4 29. Ra1 Nf4 30. Kh1 Neg6 31. Ra8+ Kh7 32. Ra2 Be5 33. Bc4 Nh5 34.
b3 Rb8 35. Kg1 Ngf4 36. Kf1 Rg8 37. Qf2 Bd4 38. Qh2 Rg3 39. Ke1 Rxh3 40. Qxh3
Nxh3 41. Rh2 N3f4 42. Bf1 Ng6 43. Bh3 Be5 44. Rh1 Ng3 0-1

[Event "Elit(Rockaden-Skara)"]
[Site "?"]
[Date "2006.??.??"]
[Round "10"]
[White "Winsnes, Rikard"]
[Black "Hermansson, Emil"]
[Result "0-1"]
[WhiteElo "2510"]
[BlackElo "2502"]
[PlyCount "70"]
[EventDate "2006.??.??"]

1. e4 e5 2. Nf3 Nc6 3. Bb5 Nf6 4. Nc3 Bb4 5. O-O O-O 6. d3 d6 7. Bg5 Bxc3 8.
bxc3 Qe7 9. Re1 Nd8 10. d4 Ne6 11. Bc1 c6 12. Bf1 Qc7 13. g3 Re8 14. Nh4 c5 15.
d5 Nf8 16. Bg5 N6d7 17. Nf5 Nb6 18. Nxg7 Kxg7 19. Qh5 Nbd7 20. Bh3 Kg8 21. Bf5
Ng6 22. Qh6 f6 23. Bxg6 Re7 24. Bf5 fxg5 25. Be6+ Kh8 26. Re3 Rg7 27. Rf3 Qd8
28. Bf5 g4 29. Bxg4 Rxg4 30. Rf7 Qg8 31. Re7 Rg6 32. Qh4 Nf6 33. Rb1 b6 34. Re1
Bd7 35. Re3 Qf8 0-1

[Event "Elit(Rockaden-Skara)"]
[Site "?"]
[Date "2006.??.??"]
[Round "10"]
[White "Barkhagen, Jonas"]
[Black "Cicak, Slavko"]
[Result "1-0"]
[WhiteElo "2548"]
[BlackElo "2536"]
[PlyCount "45"]
[EventDate "2006.??.??"]

1. d4 g6 2. c4 Bg7 3. Nc3 Nc6 4. d5 Ne5 5. e4 d6 6. Be2 e6 7. f4 Nd7 8. Nf3 e5
9. O-O a6 10. f5 gxf5 11. exf5 Ndf6 12. Ng5 Ne7 13. Ne6 Bxe6 14. fxe6 O-O 15.
Bg5 fxe6 16. dxe6 Qe8 17. Bd3 Kh8 18. Bxf6 Bxf6 19. Qg4 e4 20. Nxe4 Bxb2 21.
Ng5 Rg8 22. Qh4 Rg7 23. Bxh7 1-0

[Event "Elit(Rockaden-Skara)"]
[Site "?"]
[Date "2006.??.??"]
[Round "10"]
[White "Ziegler, Ari"]
[Black "Livner, Anders"]
[Result "1/2-1/2"]
[WhiteElo "2377"]
[BlackElo "2407"]
[PlyCount "83"]
[EventDate "2006.??.??"]

1. d4 d5 2. e3 Nf6 3. Nf3 e6 4. Bd3 c5 5. b3 Nc6 6. Bb2 Be7 7. O-O O-O 8. Nbd2
b6 9. a3 Bb7 10. Qe2 a5 11. c4 a4 12. cxd5 exd5 13. dxc5 bxc5 14. bxa4 Rxa4 15.
Rfb1 Ra7 16. e4 Re8 17. exd5 Na5 18. Bb5 Rf8 19. Re1 Bxd5 20. Rad1 Qa8 21. Nh4
Be6 22. Bd3 Qb8 23. Be5 Qc8 24. Ndf3 g6 25. Ng5 Bb3 26. Rc1 Ng4 27. Nf5 Bxg5
28. Qxg4 Qd8 29. Rxc5 Be6 30. Bc7 Rxc7 31. Rxc7 Qxc7 32. Qxg5 Bxf5 33. Bxf5 Qc5
34. g4 Qxa3 35. Re3 Qa1+ 36. Kg2 Nc4 37. Rh3 Nd6 38. Bd3 Qd4 39. Rf3 Rc8 40.
Qf4 Qxf4 41. Rxf4 h6 42. Rd4 1/2-1/2

[Event "Elit(Rockaden-Skara)"]
[Site "?"]
[Date "2006.??.??"]
[Round "10"]
[White "Engqvist, Thomas"]
[Black "Eklund, Lars-Goran"]
[Result "0-1"]
[WhiteElo "2404"]
[BlackElo "2330"]
[PlyCount "70"]
[EventDate "2006.??.??"]

1. c4 c6 2. Nf3 d5 3. e3 e6 4. Nc3 Bd6 5. Qc2 Nd7 6. d4 Ngf6 7. Bd3 O-O 8. O-O
dxc4 9. Bxc4 c5 10. Rd1 cxd4 11. exd4 Nb6 12. Bb3 h6 13. Ne4 Nxe4 14. Qxe4 Nd5
15. Bc2 f5 16. Qe2 Bd7 17. Bb3 Qb6 18. Bc4 Rac8 19. Be3 Nxe3 20. fxe3 Kh8 21.
Kh1 Rfe8 22. Rac1 Bc6 23. Rc3 Qd8 24. Ne5 Bxe5 25. dxe5 Qa5 26. Ra3 Qxe5 27.
Rxa7 Red8 28. Rxd8+ Rxd8 29. Kg1 Qe4 30. Bb3 Qb1+ 31. Kf2 Qc1 32. Kg3 Rd2 33.
Qc4 Rxg2+ 34. Kf4 Rg4+ 35. Ke5 Rxc4 0-1

[Event "Elit(Rockaden-Skara)"]
[Site "?"]
[Date "2006.??.??"]
[Round "10"]
[White "Friberg, Hans"]
[Black "Hedman, Erik"]
[Result "0-1"]
[WhiteElo "2254"]
[BlackElo "2429"]
[PlyCount "78"]
[EventDate "2006.??.??"]

1. Nf3 b6 2. d4 Bb7 3. c4 e6 4. Nc3 Bb4 5. Qc2 f5 6. Bg5 Nf6 7. a3 Bxc3+ 8.
Qxc3 O-O 9. Rd1 Ne4 10. Bxd8 Nxc3 11. Rd3 Na4 12. Bxc7 Nxb2 13. Rc3 Rc8 14.
Bxb8 Raxb8 15. e3 Ba6 16. c5 Bxf1 17. Rxf1 bxc5 18. Kd2 c4 19. Ne5 d6 20. Nd7
Rb7 21. Rb1 Rcc7 22. Kc2 Nd3 23. Rxb7 Rxb7 24. Rxc4 Nxf2 25. Rc8+ Kf7 26. Nb8
Ng4 27. Nc6 Nxe3+ 28. Kd2 Nc4+ 29. Kc3 Nb6 30. Nd8+ Ke7 31. Nxb7 Nxc8 32. Kb4
g5 33. Kb5 Kd7 34. Na5 f4 35. Ka6 Kc7 36. Nc4 g4 37. Nd2 d5 38. a4 Nb6 39. Kb5
Nc4 0-1

[Event "Elit(Rockaden-Skara)"]
[Site "?"]
[Date "2006.??.??"]
[Round "10"]
[White "Zadruzny, Nicolaj"]
[Black "Andersson, Goran"]
[Result "1-0"]
[WhiteElo "2344"]
[BlackElo "2236"]
[PlyCount "69"]
[EventDate "2006.??.??"]

1. e4 c5 2. Nf3 d6 3. d4 cxd4 4. Nxd4 Nf6 5. Nc3 g6 6. Be3 Bg7 7. f3 Nc6 8. Qd2
O-O 9. O-O-O d5 10. exd5 Nxd5 11. Nxc6 bxc6 12. Bd4 Nxc3 13. Qxc3 Bh6+ 14. Be3
Bxe3+ 15. Qxe3 Qb6 16. Qxe7 Be6 17. Qa3 Rad8 18. Bd3 Rd5 19. h4 Ra5 20. Qc3
Rxa2 21. b3 Ra5 22. h5 gxh5 23. g4 Qe3+ 24. Kb2 Qe5 25. Qxe5 Rxe5 26. f4 Re3
27. Rxh5 f5 28. gxf5 Bf7 29. Rh6 Rg3 30. Rdh1 Bd5 31. R1h4 Rxd3 32. cxd3 Rb8
33. Rxh7 Rxb3+ 34. Kc2 a5 35. f6 1-0

[Event "Elit(LASK-Manhem)"]
[Site "?"]
[Date "2006.??.??"]
[Round "10"]
[White "Nithander, Victor"]
[Black "Niklasson, Christer"]
[Result "1-0"]
[WhiteElo "2375"]
[BlackElo "2423"]
[PlyCount "109"]
[EventDate "2006.??.??"]

1. e4 c5 2. Nf3 e6 3. Nc3 Nc6 4. d4 cxd4 5. Nxd4 Qc7 6. Be3 Nf6 7. Bd3 a6 8.
O-O Ne5 9. Nf3 Ng6 10. Na4 Be7 11. Bb6 Qc6 12. c4 e5 13. Nd2 Nf4 14. Bc2 Ne6
15. Be3 Nc5 16. b4 Nxa4 17. Bxa4 b5 18. cxb5 axb5 19. Rc1 Qa6 20. Bb3 Bb7 21.
Nf3 O-O 22. Nxe5 Bxe4 23. Qd4 Qb7 24. f3 Bd5 25. Rfd1 Bxb3 26. axb3 Rac8 27.
Rxc8 Rxc8 28. Nxd7 h6 29. Nxf6+ Bxf6 30. Qg4 Kh8 31. Bc5 Rd8 32. Rxd8+ Bxd8 33.
Bd4 Bf6 34. Bxf6 gxf6 35. Qf5 Kg7 36. Qg4+ Kh8 37. Qf4 Kg7 38. Kf2 Qd5 39. Qg4+
Kh8 40. Qc8+ Kg7 41. Qc3 Qd6 42. g3 Qd1 43. Kg2 Qd5 44. Qe3 Qd1 45. Kh3 Qd6 46.
Qe4 Qe6+ 47. Qg4+ Kh7 48. Qxe6 fxe6 49. Kg4 Kg6 50. Kf4 Kf7 51. Ke4 Ke7 52. g4
Kd6 53. f4 Kc6 54. h4 Kd6 55. g5 1-0

[Event "Elit(LASK-Manhem)"]
[Site "?"]
[Date "2006.??.??"]
[Round "10"]
[White "Tikkanen, Hans"]
[Black "Hultin, Johan"]
[Result "1-0"]
[WhiteElo "2426"]
[BlackElo "2296"]
[PlyCount "79"]
[EventDate "2006.??.??"]

1. d4 Nf6 2. c4 e6 3. Nc3 Bb4 4. e3 O-O 5. Bd3 d5 6. Nf3 c5 7. O-O cxd4 8. exd4
dxc4 9. Bxc4 b6 10. Ne5 Bb7 11. Qb3 Bxc3 12. bxc3 Bd5 13. Bg5 Bxc4 14. Qxc4 Qd5
15. Bxf6 Qxc4 16. Nxc4 gxf6 17. Ne3 Nc6 18. d5 Na5 19. Rad1 Rac8 20. Rd3 Kg7
21. Rfd1 Rfd8 22. dxe6 Rxd3 23. Nf5+ Kh8 24. Rxd3 fxe6 25. Nd6 Rf8 26. f4 a6
27. Re3 e5 28. fxe5 fxe5 29. Rxe5 Rf6 30. Nf5 Kg8 31. Ne7+ Kf8 32. Nd5 Rc6 33.
Nxb6 Rxb6 34. Rxa5 Rb1+ 35. Kf2 Rc1 36. Ra3 Rc2+ 37. Kf3 Kg7 38. h4 h5 39. g3
a5 40. Ke4 1-0

[Event "Elit(LASK-Manhem)"]
[Site "?"]
[Date "2006.??.??"]
[Round "10"]
[White "Landgren, Philip"]
[Black "Semcesen, Daniel"]
[Result "1/2-1/2"]
[WhiteElo "2336"]
[BlackElo "2308"]
[PlyCount "74"]
[EventDate "2006.??.??"]

1. d4 d5 2. c4 c6 3. Nf3 Nf6 4. e3 a6 5. Qc2 g6 6. Bd3 Bg7 7. Nbd2 O-O 8. O-O
Nbd7 9. h3 c5 10. b3 b6 11. Bb2 Bb7 12. Rad1 Rc8 13. Qb1 e6 14. Ne5 Qe7 15.
Ndf3 Rfd8 16. Rfe1 Nxe5 17. Nxe5 Nd7 18. Nxd7 Rxd7 19. dxc5 dxc4 20. Bxc4 Rxd1
21. Rxd1 Bxb2 22. Qxb2 b5 23. Bf1 Rxc5 24. g3 e5 25. Rc1 Qc7 26. Rxc5 Qxc5 27.
Bg2 Bxg2 28. Kxg2 b4 29. Qd2 Kg7 30. Qd3 a5 31. Qa6 Qd5+ 32. Kg1 h5 33. h4 Qc5
34. Qa8 Kf6 35. Qd8+ Kg7 36. Qa8 Kf6 37. Qd8+ Kg7 1/2-1/2

[Event "Elit(LASK-Manhem)"]
[Site "?"]
[Date "2006.??.??"]
[Round "10"]
[White "Lund, Esben"]
[Black "Akesson, Joel"]
[Result "1-0"]
[WhiteElo "2340"]
[BlackElo "2369"]
[PlyCount "95"]
[EventDate "2006.??.??"]

1. d4 Nf6 2. c4 e6 3. Nc3 Bb4 4. e3 b6 5. Bd3 Bb7 6. Nge2 Bxg2 7. Rg1 Bf3 8.
Rg3 Be4 9. a3 Bxc3+ 10. Nxc3 Bxd3 11. Qxd3 Nh5 12. Rh3 g6 13. e4 d6 14. Bh6 Nc6
15. e5 dxe5 16. Qe4 Qd7 17. dxe5 O-O-O 18. Rd1 Qe8 19. Rxd8+ Kxd8 20. Nb5 a6
21. Na7 Nxa7 22. Bg5+ f6 23. exf6 Qc6 24. f7+ Kc8 25. Qxc6 Nxc6 26. Bh6 Ne5 27.
f8=Q+ Rxf8 28. Bxf8 Nxc4 29. b3 Na5 30. Rf3 Nc6 31. Rf7 Nd4 32. Rxh7 Nxb3 33.
Bg7 Nc5 34. Bd4 Nd3+ 35. Kd2 Ndf4 36. Be5 Nd5 37. Rh6 Ne7 38. Rh7 Kd7 39. Ke2
c5 40. Kf3 Ke8 41. Kg4 Nc6 42. f4 b5 43. Rc7 Nxe5+ 44. fxe5 c4 45. Kg5 Kd8 46.
Rc6 Kd7 47. Rxa6 c3 48. Rd6+ 1-0

[Event "Elit(LASK-Manhem)"]
[Site "?"]
[Date "2006.??.??"]
[Round "10"]
[White "Schneider, Lars-Ake"]
[Black "Johnson, Bjorn"]
[Result "1/2-1/2"]
[WhiteElo "2356"]
[BlackElo "2281"]
[PlyCount "34"]
[EventDate "2006.??.??"]

1. e4 e6 2. d4 d5 3. Nd2 Nc6 4. c3 dxe4 5. Nxe4 Qd5 6. Nd2 e5 7. Ngf3 exd4 8.
Bc4 Qh5 9. cxd4 Be6 10. Qe2 O-O-O 11. Bxe6+ fxe6 12. Qxe6+ Kb8 13. O-O Bd6 14.
h3 Nh6 15. Nb3 Rdf8 16. Qe4 Re8 17. Qh4 Qd5 1/2-1/2

[Event "Elit(LASK-Manhem)"]
[Site "?"]
[Date "2006.??.??"]
[Round "10"]
[White "Nilsson, Sebastian"]
[Black "Moberg, Karl-Johan"]
[Result "1/2-1/2"]
[WhiteElo "2252"]
[BlackElo "2308"]
[PlyCount "71"]
[EventDate "2006.??.??"]

1. e4 e5 2. Nf3 Nc6 3. Nc3 Nf6 4. d4 exd4 5. Nxd4 Bb4 6. Nxc6 bxc6 7. Bd3 d5 8.
exd5 cxd5 9. O-O O-O 10. Bg5 c6 11. Na4 Bd6 12. c4 h6 13. Bh4 Be5 14. cxd5 cxd5
15. Re1 Qd6 16. Bg3 Bxg3 17. hxg3 d4 18. Rc1 Rb8 19. Qd2 Bb7 20. Nc5 Ba8 21.
Nb3 Rb4 22. Rc2 a5 23. Rec1 a4 24. Nc5 Rbb8 25. Nxa4 Qd5 26. Bf1 Ne4 27. Qd3
Qxa2 28. Qxd4 Rfd8 29. Qc4 Bd5 30. Qxa2 Bxa2 31. Bc4 Bxc4 32. Rxc4 Nd2 33. R4c2
Nb3 34. Re1 Rb4 35. Rc3 Nd4 36. b3 1/2-1/2

[Event "Elit(LASK-Manhem)"]
[Site "?"]
[Date "2006.??.??"]
[Round "10"]
[White "Kinnmark, Ove"]
[Black "Meurman, Arne"]
[Result "1/2-1/2"]
[WhiteElo "2280"]
[BlackElo "2088"]
[PlyCount "89"]
[EventDate "2006.??.??"]

1. e4 c5 2. Nf3 e6 3. Nc3 a6 4. d4 cxd4 5. Nxd4 Qc7 6. g3 d6 7. Bg2 Be7 8. O-O
Nf6 9. a4 Bd7 10. Be3 Nc6 11. Nxc6 Bxc6 12. a5 Nd7 13. f4 O-O 14. Qd2 Rae8 15.
Rfe1 Nc5 16. Qf2 Nd7 17. g4 g6 18. f5 g5 19. Rf1 h6 20. Bd4 Bf6 21. Rfd1 Ne5
22. Qg3 Qe7 23. h3 Rd8 24. Qf2 Nc4 25. b3 Bxd4 26. Rxd4 Ne5 27. Qd2 Rd7 28. Rf1
f6 29. Qf2 Kg7 30. Ne2 d5 31. fxe6 Qxe6 32. Ng3 dxe4 33. Bxe4 Bxe4 34. Rxe4 Kg6
35. Qe2 Rff7 36. Rb4 Qd5 37. Qf2 Nc6 38. Re4 Rde7 39. Rxe7 Nxe7 40. b4 Nc6 41.
c3 Qd3 42. Qf5+ Qxf5 43. Rxf5 Re7 44. Rc5 Ne5 45. Rc8 1/2-1/2

[Event "Elit(LASK-Manhem)"]
[Site "?"]
[Date "2006.??.??"]
[Round "10"]
[White "Smith, Axel"]
[Black "Sagit, Rauan"]
[Result "1-0"]
[WhiteElo "2164"]
[BlackElo "2328"]
[PlyCount "103"]
[EventDate "2006.??.??"]

1. e4 c5 2. Nf3 d6 3. d4 cxd4 4. Nxd4 Nf6 5. Nc3 Nc6 6. Bg5 e6 7. Qd2 a6 8.
O-O-O Bd7 9. f3 Rc8 10. Be3 Qa5 11. Kb1 b5 12. g4 h6 13. Qf2 Qc7 14. Bd3 Ne5
15. h4 g6 16. g5 Nh5 17. Rhg1 hxg5 18. hxg5 Bg7 19. f4 Nc4 20. Bxc4 Qxc4 21. f5
b4 22. f6 Bf8 23. Nce2 e5 24. c3 bxc3 25. Nxc3 exd4 26. Rxd4 Qe6 27. Nd5 Bc6
28. Rc4 Bb7 29. Rxc8+ Qxc8 30. Rc1 Qg4 31. Qc2 Bxd5 32. exd5 Qf5 33. Qxf5 gxf5
34. Bb6 Kd7 35. Rc7+ Kd8 36. Rxf7+ Kc8 37. g6 Nxf6 38. Rxf6 Rh1+ 39. Kc2 Rh2+
40. Kd3 Bg7 41. Rf7 Bxb2 42. g7 Bxg7 43. Rc7+ Kb8 44. Rxg7 Rxa2 45. Bc7+ Kc8
46. Bxd6 Ra1 47. Kd4 Rd1+ 48. Kc5 Kd8 49. Kc6 Ke8 50. Re7+ Kd8 51. Rf7 Rc1+ 52.
Bc5 1-0

[Event "Elit(SodraSASS-Linkoping)"]
[Site "?"]
[Date "2006.??.??"]
[Round "10"]
[White "Palo, Davor"]
[Black "Kulaots, Kaido"]
[Result "1/2-1/2"]
[WhiteElo "2546"]
[BlackElo "2656"]
[PlyCount "33"]
[EventDate "2006.??.??"]

1. d4 Nf6 2. c4 c6 3. Bf4 g6 4. Nc3 Bg7 5. e4 d6 6. Nf3 Nbd7 7. Be2 O-O 8. O-O
Nh5 9. Be3 e5 10. Re1 Nhf6 11. h3 exd4 12. Bxd4 Re8 13. Qc2 Ne5 14. Rad1 Qc7
15. Nh2 Qa5 16. Nf1 Ned7 17. Nd2 1/2-1/2

[Event "Elit(SodraSASS-Linkoping)"]
[Site "?"]
[Date "2006.??.??"]
[Round "10"]
[White "Akesson, Ralf"]
[Black "Cramling, Pia"]
[Result "0-1"]
[WhiteElo "2582"]
[BlackElo "2583"]
[PlyCount "64"]
[EventDate "2006.??.??"]

1. d4 d5 2. c4 c6 3. Nc3 Nf6 4. e3 e6 5. Nf3 a6 6. b3 Bb4 7. Bd2 O-O 8. Qc2
Nbd7 9. Bd3 Qe7 10. O-O h6 11. Rad1 Re8 12. Rfe1 dxc4 13. bxc4 e5 14. Ne4 Nxe4
15. Bxb4 Qxb4 16. Bxe4 exd4 17. exd4 Nf6 18. Bh7+ Kh8 19. Rxe8+ Nxe8 20. c5 Nf6
21. Bd3 Be6 22. Rb1 Qa5 23. Rxb7 Qxa2 24. Qc1 a5 25. Ne5 a4 26. Nc4 a3 27. h3
Ne4 28. Bxe4 Qxc4 29. Qa1 a2 30. Bxc6 Rd8 31. Ra7 Qc2 32. Rb7 Bf5 0-1

[Event "Elit(SodraSASS-Linkoping)"]
[Site "?"]
[Date "2006.??.??"]
[Round "10"]
[White "Bellon Lopez, Juan"]
[Black "Welin, Thomas"]
[Result "1-0"]
[WhiteElo "2510"]
[BlackElo "2382"]
[PlyCount "63"]
[EventDate "2006.??.??"]

1. d4 d5 2. c4 c6 3. Nf3 Nf6 4. Nc3 a6 5. cxd5 cxd5 6. Bg5 Ne4 7. Bh4 Nxc3 8.
bxc3 Qa5 9. Qb3 Nc6 10. e3 e6 11. Bg3 b5 12. Bd3 Be7 13. O-O O-O 14. e4 dxe4
15. Bxe4 Bb7 16. Rfe1 Qb6 17. Qb1 h6 18. a4 Na5 19. axb5 axb5 20. Ne5 Bxe4 21.
Qxe4 Rad8 22. Reb1 Rd5 23. Qe2 Nc6 24. Nc4 Nxd4 25. cxd4 Qxd4 26. Ne3 Rc5 27.
Ra5 f5 28. Qa2 Qe4 29. Ra6 Rf6 30. Bb8 f4 31. Ng4 Rg6 32. f3 1-0

[Event "Elit(SodraSASS-Linkoping)"]
[Site "?"]
[Date "2006.??.??"]
[Round "10"]
[White "Furhoff, Johan"]
[Black "Olsson, Conny"]
[Result "1/2-1/2"]
[WhiteElo "2430"]
[BlackElo "2247"]
[PlyCount "107"]
[EventDate "2006.??.??"]

1. e4 e6 2. d4 d5 3. Nd2 Nc6 4. Ngf3 Nf6 5. e5 Nd7 6. Nb3 Be7 7. c4 dxc4 8.
Bxc4 Nb6 9. Bd3 Nb4 10. Bb1 c5 11. O-O cxd4 12. Nbxd4 Bd7 13. Be4 Rb8 14. Qe2
a6 15. Bd2 O-O 16. a3 N4d5 17. Rfd1 Qe8 18. Bd3 Na4 19. Rab1 Nc5 20. Bc2 Ba4
21. b3 Bb5 22. Nxb5 Qxb5 23. Qe1 Rbc8 24. Nd4 Qd7 25. f4 b5 26. f5 Qa7 27. f6
Nd3 28. Qe4 Qxd4+ 29. Qxd4 Bc5 30. Qxc5 Nxc5 31. fxg7 Kxg7 32. Bg5 Nd7 33. Be4
Nxe5 34. Bxd5 exd5 35. Rxd5 f6 36. Bf4 Rfe8 37. h3 Rc2 38. Rc1 Rxc1+ 39. Bxc1
Re6 40. Bb2 Nf7 41. Kf2 Rc6 42. Ke3 Rc2 43. Rd2 Rc6 44. Ke4 Kg6 45. Rf2 Rd6 46.
h4 h5 47. Bc1 Rd1 48. Bd2 Ne5 49. Bf4 Ng4 50. Rd2 Rb1 51. b4 Ra1 52. Rd8 f5+
53. Kd3 Rxa3+ 54. Kd4 1/2-1/2

[Event "Elit(SodraSASS-Linkoping)"]
[Site "?"]
[Date "2006.??.??"]
[Round "10"]
[White "Malesevic, Nedeljko"]
[Black "Lundvik, Jonas"]
[Result "1-0"]
[WhiteElo "2341"]
[BlackElo "2348"]
[PlyCount "99"]
[EventDate "2006.??.??"]

1. d4 d5 2. Nf3 Nf6 3. c4 c6 4. Nc3 e6 5. cxd5 exd5 6. Bg5 Bf5 7. Bxf6 Qxf6 8.
Qb3 Qe7 9. a3 Qc7 10. Nh4 Be6 11. Qc2 Qf4 12. Nf3 Bf5 13. Qa4 Nd7 14. e3 Qd6
15. Nh4 Be6 16. Bd3 g6 17. O-O Be7 18. Nf3 O-O 19. Rac1 a5 20. Qd1 b5 21. e4
dxe4 22. Nxe4 Qd5 23. Ng3 Nf6 24. Re1 Rfe8 25. Qd2 Bg4 26. Ne5 Rac8 27. Nxg4
Nxg4 28. Be4 Qd7 29. Bf3 b4 30. axb4 axb4 31. Qc2 c5 32. Bxg4 Qxg4 33. dxc5 Rc7
34. Re4 Qg5 35. Rc4 Rb8 36. b3 Rb5 37. Ne4 Qe5 38. c6 Rb6 39. h3 Qd5 40. Qd2
Qe6 41. Qc2 Qd5 42. f4 Qb5 43. Kh1 Qd5 44. Nf2 Bf6 45. Ng4 Be7 46. Ne3 Qb5 47.
Qe4 Bf8 48. Nd5 Rcxc6 49. Rxc6 Rxc6 50. Rxc6 1-0

[Event "Elit(SodraSASS-Linkoping)"]
[Site "?"]
[Date "2006.??.??"]
[Round "10"]
[White "Sjoberg, Mats"]
[Black "Rosberg, Simon"]
[Result "1-0"]
[WhiteElo "2398"]
[BlackElo "2147"]
[PlyCount "47"]
[EventDate "2006.??.??"]

1. d4 Nf6 2. Nf3 e6 3. c4 Bb4+ 4. Nbd2 b6 5. a3 Bxd2+ 6. Bxd2 Ne4 7. Be3 d6 8.
g3 Bb7 9. Bg2 Nf6 10. O-O Nbd7 11. Rc1 c5 12. Bf4 Nf8 13. Qa4+ Qd7 14. Qxd7+
Kxd7 15. dxc5 bxc5 16. Rfd1 Ne4 17. Nd2 Nxd2 18. Bxb7 Rb8 19. Rxd2 Rxb7 20.
Bxd6 Kc6 21. b4 Rd7 22. Rcd1 cxb4 23. axb4 Ng6 24. b5+ 1-0

[Event "Elit(SodraSASS-Linkoping)"]
[Site "?"]
[Date "2006.??.??"]
[Round "10"]
[White "Ericsson, Robert"]
[Black "Winge, Stefan"]
[Result "0-1"]
[WhiteElo "2207"]
[BlackElo "2263"]
[PlyCount "64"]
[EventDate "2006.??.??"]

1. e4 c5 2. Nc3 Nc6 3. f4 g6 4. Nf3 Bg7 5. Bc4 e6 6. e5 d5 7. exd6 Qxd6 8. Ne4
Qxf4 9. d3 Qc7 10. O-O h6 11. Nxc5 Nd4 12. Nb3 Nf5 13. Qe2 Nge7 14. d4 O-O 15.
c3 Nc6 16. Nbd2 Nd6 17. Bd3 Bd7 18. b4 a6 19. Nb3 Nf5 20. Bb2 Rfe8 21. Nc5 Rad8
22. Qf2 Bc8 23. g4 Nd6 24. Qh4 e5 25. dxe5 Nxe5 26. Nxe5 Rxe5 27. h3 Rde8 28.
Rae1 b6 29. Rxe5 Rxe5 30. c4 bxc5 31. Bxe5 Bxe5 32. Qxh6 Bd4+ 0-1

[Event "Elit(SodraSASS-Linkoping)"]
[Site "?"]
[Date "2006.??.??"]
[Round "10"]
[White "Holmqvist, Gunnar"]
[Black "Axelsson, Tom"]
[Result "1-0"]
[WhiteElo "2249"]
[BlackElo "2069"]
[PlyCount "119"]
[EventDate "2006.??.??"]

1. Nf3 d5 2. c4 e6 3. d4 c5 4. cxd5 exd5 5. g3 Nc6 6. Bg2 Nf6 7. O-O Be7 8.
dxc5 Bxc5 9. Bg5 O-O 10. Nc3 d4 11. Bxf6 Qxf6 12. Nd5 Qd6 13. Nd2 Be6 14. Nf4
Bb6 15. Qa4 Rfe8 16. Nc4 Bxc4 17. Qxc4 Rad8 18. Rac1 Ne5 19. Qb3 Ng6 20. Nxg6
Qxg6 21. Rc2 h5 22. Bxb7 h4 23. Qd3 hxg3 24. hxg3 Qg5 25. Kg2 Rd6 26. Rh1 Rh6
27. Rxh6 Qxh6 28. Bd5 Qg5 29. Qf3 Qf6 30. Qxf6 gxf6 31. b4 Rd8 32. Be4 Kg7 33.
Bd3 Rd6 34. Rc8 a5 35. bxa5 Bxa5 36. Ra8 Bb4 37. Rb8 Bc5 38. Rb7 Re6 39. Bc4
Re7 40. Rxe7 Bxe7 41. Bd3 f5 42. Bxf5 Kf6 43. Bd3 Ke5 44. f4+ Kd5 45. Bc2 f6
46. Kf3 Ba3 47. Bb3+ Kd6 48. Ke4 Bb2 49. Kf5 Ke7 50. Bc4 Bc3 51. g4 Bd2 52. g5
fxg5 53. fxg5 Kf8 54. Kf6 Bc3 55. Bd3 Bd2 56. g6 Bh6 57. a4 Bg7+ 58. Ke6 Ke8
59. a5 Kd8 60. Kf7 1-0